| 000 | 00423nam a2200181Ia 4500 | ||
|---|---|---|---|
| 001 | 10005 | ||
| 005 | 20260306161800.0 | ||
| 008 | 260306t1973||||xx |||||||||||||| ||spa|| | ||
| 041 | _aESP | ||
| 082 |
_a869.56 _bR52 T. 2 |
||
| 100 |
_aRibeyro, Julio Ramon _eAUT |
||
| 245 | 0 | _aLa palabra del mudo | |
| 260 | _c1973 | ||
| 300 |
_a291 páginas : _c21 cm. |
||
| 650 | _aGEN | ||
| 654 | _aCHU | ||
| 942 |
_cLIB _dJUS _fJUS _2ddc _n |
||
| 999 |
_c10005 _d10005 |
||